ՀՀ Գիտությունների ազգային ակադեմիայի հիմնարար գիտական գրադարան  =   Fundamental Scientific Library of NAS RA

Совершенствование законодательства о перевозке грузов в прямом смешанном сообщении / (Record no. 286634)

MARC details
000 -LEADER
fixed length control field 00834nam a2200205 i 4500
001 - CONTROL NUMBER
control field 000783902
003 - CONTROL NUMBER IDENTIFIER
control field AM-YeHGA
005 - DATE AND TIME OF LATEST TRANSACTION
control field 20250617144043.0
008 - FIXED-LENGTH DATA ELEMENTS--GENERAL INFORMATION
fixed length control field 020227s1984 ru r 000 0 rus d
040 ## - CATALOGING SOURCE
Original cataloging agency AM-YeHGA
041 0# - LANGUAGE CODE
Language code of text/sound track or separate title rus
090 ## - LOCALLY ASSIGNED LC-TYPE CALL NUMBER (OCLC); LOCAL CALL NUMBER (RLIN)
-- 288300
100 1# - MAIN ENTRY--PERSONAL NAME
Personal name Егиазаров, Владимир Абрамович
245 10 - TITLE STATEMENT
Title Совершенствование законодательства о перевозке грузов в прямом смешанном сообщении /
Statement of responsibility, etc. В. А. Егиазаров.
260 ## - PUBLICATION, DISTRIBUTION, ETC.
Place of publication, distribution, etc. Казань :
Name of publisher, distributor, etc. Изд-во Казан. ун-та,
Date of publication, distribution, etc. 1984.
300 ## - PHYSICAL DESCRIPTION
Extent 126 с. ;
Dimensions 20 см.
504 ## - BIBLIOGRAPHY, ETC. NOTE
Bibliography, etc. note Библиогр. в примеч.: с. 115-124
653 0# - INDEX TERM--UNCONTROLLED
Uncontrolled term Грузовые перевозки - Правовые основы
653 0# - INDEX TERM--UNCONTROLLED
Uncontrolled term Договор перевозки
Holdings
Withdrawn status Lost status Damaged status Not for loan Collection Home library Current library Date acquired Total checkouts Full call number Barcode Date last seen Price effective from Koha item type Public note
        General Fundamental Scientific Library Fundamental Scientific Library 29/12/2016   PII/526079 FL0179150 29/12/2016 29/12/2016 Գրքեր / Books 30 Days Loan


ՀՀ ԳԱԱ հիմնարար գիտական գրադարան
ՀՀ,Երևան 0019
Մարշալ Բաղրամյան 24/6
հեռախոս:(374-10) 52-47-50
Հետադարձ կապ

All site content, except where otherwise noted, is licensed under a
Creative Commons License